000 00381 a2200133 4500
005 20250527143021.0
020 _a0-471-15707-4
082 _a658.8 PRU
100 _aPRUSHAN, V. H.
245 _aNo- Nonsense Marketing: 101 Practical Ways to Win and Keep Customers
260 _aNew York,
_bJohn Wiley &son, Inc,
_c1997.
300 _axviii, 282p.
_bIndex
_c23cm.
942 _2ddc
_cBKS
999 _c2718
_d2718